Philosophy of Photography.
Сохранить в:
| Главный автор: | |
|---|---|
| Формат: | |
| Опубликовано: |
Leuven, Belgium:
Leuven University Press,
2007.
|
| Серии: | Lieven Gevaert Series,
|
| Предметы: | |
| Метки: |
Добавить метку
Нет меток, Требуется 1-ая метка записи!
|
MARC
| LEADER | 00000nam a22000007a 4500 | ||
|---|---|---|---|
| 003 | CL-VaPUC | ||
| 005 | 20250321101942.0 | ||
| 008 | 250204t2007 ||||| |||| 00| 0 eng d | ||
| 999 | |c 447015 |d 447013 | ||
| 020 | |a 978-90-5867-598-9 | ||
| 040 | |c Pontificia Universidad Católica de Valparaíso | ||
| 082 | |a 770.1 LIE 2007 | ||
| 100 | |9 896134 |a Lier, Henri van |e author | ||
| 245 | |a Philosophy of Photography. | ||
| 260 | |a Leuven, Belgium: |b Leuven University Press, |c 2007. | ||
| 300 | |a 126 páginas: |b fotografías. | ||
| 490 | |a Lieven Gevaert Series, |n Volume 6. | ||
| 500 | |a c.1.Instituto Arcos.08-01-2025. | ||
| 583 | |c 20250204 |k Gabriela Rodríguez Cuevas | ||
| 650 | 0 | |9 895167 |a Fotografía |x Filosofía | |
| 942 | |2 ddc |c BK |n 0 | ||
| 952 | |0 0 |1 0 |2 ddc |4 0 |6 770_100000000000000_LIE_2007 |7 0 |8 A |9 600431 |a BIBINC |b BIBINC |d 2025-02-04 |e Instituto Arcos |i 5665342 |o 770.1 LIE 2007 |p 5665342 |r 2025-02-04 |t 1 |w 2025-02-04 |y BK |k IFP | ||